00546nam a2200133Ia 4500008004100000100002200041245011300063260002900176300001800205650001500223856008200238999001900320952007300339160712s9999 xx 000 0 und d aAgustin, Efmer E. cEfmer E. AgustinaWaráy Beauty: Writing at the Margins and the Poems in Oyzon’s An Maupay ha mga Waráy c2014bHumanities Diliman avol. 11 no. 1 xHUMANITIES uhttp://journals.upd.edu.ph/index.php/humanitiesdiliman/issue/view/445/showToc c297175d297175 001040aCLbCLd2016-07-12l0r2016-07-12 00:00:00w2016-07-12yFEJ